[Event "Pan American-ch School U17 12th"]
[Site "Callao"]
[Date "2023.10.20"]
[Round "8"]
[White "Frias Ramirez, Alessandro Raul"]
[Black "Vasquez Alva, Marco Joaquin"]
[Result "0-1"]
[WhiteElo "1122"]
[BlackElo "1116"]
[PlyCount "52"]
[EventDate "2023.10.16"]
[EventType "swiss"]
[EventRounds "9"]
[EventCountry "PER"]
[SourceTitle "Mega2024 Update 01"]
[Source "Chessbase"]
[SourceDate "2023.11.12"]
[SourceVersion "1"]
[SourceVersionDate "2023.11.12"]
[SourceQuality "1"]

1. e4 c5 2. Nc3 Nc6 3. g3 g6 4. Bg2 Bg7 5. Nge2 d6 6. 0-0 Nf6 7. d3 a6 8. h3 Be6 9. Nf4 Nd4 10. Nxe6 Nxe6 11. e5 dxe5 12. Bxb7 Ra7 13. Bg2 0-0 14. Be3 Nd4 15. Ne4 Nd5 16. c3 Nxe3 17. fxe3 Nf5 18. Qe2 Bh6 19. Rxf5 gxf5 20. Nxc5 e6 21. h4 Kh8 22. Kh2 Rg8 23. e4 f4 24. Qh5 fxg3+ 25. Kh3 Bf4 26. a4 Rg6 0-1

[Event "South America-ch 1st"]
[Site "Lima"]
[Date "2023.09.20"]
[Round "7"]
[White "Flores Ramirez, Rodolfo Joaquin"]
[Black "Frias Ramirez, Alessandro Raul"]
[Result "1-0"]
[WhiteElo "1288"]
[BlackElo "1156"]
[PlyCount "111"]
[EventDate "2023.09.14"]
[EventType "swiss"]
[EventRounds "9"]
[EventCountry "PER"]
[SourceTitle "EXT 2024"]
[Source "ChessBase"]
[SourceDate "2023.10.10"]
[SourceVersion "1"]
[SourceVersionDate "2023.10.10"]
[SourceQuality "1"]

1. d4 Nf6 2. c4 c5 3. d5 b5 4. cxb5 a6 5. e3 Bb7 6. Nc3 axb5 7. Bxb5 Qa5 8. Bd2 Qb6 9. Bc4 e6 10. e4 Nxe4 11. Nxe4 exd5 12. Bxd5 Bxd5 13. Qe2 Qe6 14. f3 Rxa2 15. Rxa2 Bxa2 16. Ng5 Qxe2+ 17. Nxe2 Bc4 18. 0-0 h6 19. Nh3 Nc6 20. Re1 Bxe2 21. Nf4 Be7 22. Rxe2 0-0 23. Nd5 Bd8 24. Bf4 Nd4 25. Re3 Ne6 26. Bd6 Re8 27. Bxc5 f6 28. Nf4 Kf7 29. Nxe6 Rxe6 30. Rd3 Ke8 31. Kf2 Bb6 32. Bxb6 Rxb6 33. b3 f5 34. Ke3 g5 35. Rc3 Rb4 36. Kd2 h5 37. Kc2 Kf7 38. Re3 Kf6 39. Kc3 Rh4 40. b4 Rxh2 41. b5 Rxg2 42. b6 Ra2 43. b7 f4 44. Re8 Ra3+ 45. Kb4 Ra1 46. Kc3 Rb1 47. b8Q Rxb8 48. Rxb8 g4 49. Kd3 g3 50. Ke4 h4 51. Kxf4 g2 52. Rb1 d5 53. Kg4 d4 54. Kxh4 Ke5 55. Kg3 d3 56. Kxg2 1-0

[Event "South America-ch 1st"]
[Site "Lima"]
[Date "2023.09.17"]
[Round "4"]
[White "Frias Ramirez, Alessandro Raul"]
[Black "Ramirez Mori, Angel Farid"]
[Result "0-1"]
[WhiteElo "1156"]
[BlackElo "1534"]
[PlyCount "64"]
[EventDate "2023.09.14"]
[EventType "swiss"]
[EventRounds "9"]
[EventCountry "PER"]
[SourceTitle "EXT 2024"]
[Source "ChessBase"]
[SourceDate "2023.10.10"]
[SourceVersion "1"]
[SourceVersionDate "2023.10.10"]
[SourceQuality "1"]

1. e4 c5 2. Nc3 d6 3. g3 g6 4. Bg2 Bg7 5. Nge2 Nc6 6. d3 e6 7. Be3 Nge7 8. Qd2 0-0 9. Bh6 Rb8 10. Bxg7 Kxg7 11. 0-0 b5 12. Nf4 a5 13. b3 Nd4 14. Nce2 e5 15. Nxd4 cxd4 16. Ne2 b4 17. f4 f5 18. fxe5 dxe5 19. a3 Qb6 20. axb4 axb4 21. Qg5 Rf7 22. exf5 Nxf5 23. g4 h6 24. Qd2 Ne3 25. Rxf7+ Kxf7 26. g5 hxg5 27. Ng3 Bb7 28. Bxb7 Qxb7 29. Ne4 Kg7 30. Nxg5 Rc8 31. Ra4 Rxc2 32. Rxb4 Rc1+ 0-1